| 000 | 01490nam a22003977a 4500 | ||
|---|---|---|---|
| 003 | CHAP | ||
| 005 | 20251002103645.0 | ||
| 008 | 971013s1980 mx a r 00010 spa d | ||
| 010 | _a50388 | ||
| 011 | _a51360 | ||
| 035 | _a55510 | ||
| 040 | _cCHAP | ||
| 090 | _aTesis | ||
| 100 | 0 | 0 |
_aRodríguez Castañeda, Bertha. _998376 |
| 245 | 1 | _aAbsorción de nitrógeno y fósforo en presencia de ácido giberélico de Lactuca sativa var. Grand Rapids, Beta vulgaris var. cycla y Digitaria decumbens | |
| 260 |
_aMéxico, D. F. : _bEl autor, _c1980 |
||
| 300 |
_a95 h. : _bgráfs. |
||
| 502 | _aTesis (Biólogo) -- UNAM. Facultad de Ciencias. Departamento de Biología | ||
| 590 |
_aALEPH _b10 _c20130110 _lUCH01 _h1324 |
||
| 590 |
_aBATCH-UPD _b10 _c20130110 _lUCH01 _h0053 |
||
| 590 |
_aBATCH-UPD _b10 _c20130110 _lUCH01 _h1758 |
||
| 590 |
_aBATCH-UPD _b10 _c20130409 _lUCH01 _h2041 |
||
| 590 |
_aBATCH-UPD _b10 _c20130410 _lUCH01 _h1135 |
||
| 590 |
_aBATCH-UPD _b10 _c20130914 _lUCH01 _h1203 |
||
| 590 |
_aCONVERSION _b10 _c20130109 _lUCH01 _h1327 |
||
| 650 | 1 | 4 |
_aAcido giberelico _xEfecto en plantas. _9587 |
| 650 | 1 | 7 |
_aDigitaria decumbens _2 _932575 |
| 650 | 1 | 4 |
_aGiberelinas. _947872 |
| 650 | 1 | 4 |
_aNitrógeno _xEfecto en acelga. _981402 |
| 650 | 1 | 4 |
_aNitrógeno _xEfecto en lechuga. _981443 |
| 650 | 1 | 4 |
_aNitrógeno _xEfecto en pastos. _981455 |
| 901 | _aBK | ||
| 942 | _cFOLL | ||
| 949 |
_bBC _cTES _d-121729 _eTS1 _h17454 _i55510 _si |
||
| 949 |
_bBC _cTES _d33724000909206 _eTS2 _fc.2 _h23478 _i55510 _si |
||
| 999 |
_c50388 _d50388 |
||